Sąsiedzi sąsiadów Węgier - Statystyki

Ogólne statystyki
  • Ten quiz został rozwiązany 33 razy
  • Średni wynik to 12 z 14
Statystyki odpowiedzi
Państwo % Poprawnych
Polska
100%
Niemcy
96%
Bułgaria
93%
Mołdawia
93%
Szwajcaria
93%
Włochy
93%
Białoruś
89%
Bośnia i Hercegowina
89%
Rosja
89%
Macedonia Północna
86%
Liechtenstein
82%
Czarnogóra
79%
Kosowo
79%
Czechy
68%
Nie znaleziono quizów pasujących do podanych kryteriów
Rozkład punktacji
Procent ludzi z każdym wynikiem
Percentyl według liczby udzielonych odpowiedzi
Twoja historia wyników
Nie rozwiązałeś tego quizu